[Event "Olexuv memorial 2017"]
[Site "?"]
[Date "2017.12.26"]
[Round "1.1"]
[White "Neduchal, Jiri"]
[Black "Hajek, Oskar"]
[Result "0-1"]
[WhiteElo "1772"]
[BlackElo "2110"]
[PlyCount "40"]
[EventDate "2017.12.26"]
[SourceDate "2017.12.26"]

1. d4 Nf6 2. Nf3 c5 3. e3 cxd4 4. exd4 g6 5. Bd3 Bg7 6. O-O O-O 7. c3 d6 8. Qe2
Nc6 9. Nbd2 e5 10. dxe5 dxe5 11. Ne4 Nxe4 12. Bxe4 Qc7 13. Be3 h6 14. Rad1 Kh7
15. h3 f5 16. Bc2 e4 17. Nd4 f4 18. Nb5 Qe5 19. Bd4 f3 20. Qxe4 Qg5 0-1

[Event "Olexuv memorial 2017"]
[Site "?"]
[Date "2017.12.26"]
[Round "1.2"]
[White "Snorek, Milan"]
[Black "Zikan, Karel"]
[Result "1/2-1/2"]
[WhiteElo "1999"]
[BlackElo "1715"]
[PlyCount "115"]
[EventDate "2017.12.26"]
[SourceDate "2017.12.26"]

1. d4 Nf6 2. c4 e6 3. Nf3 b6 4. a3 Bb7 5. Nc3 Be7 6. Bg5 O-O 7. d5 Nxd5 8. Nxd5
exd5 9. Bxe7 Qxe7 10. cxd5 Qd6 11. e4 Re8 12. Qc2 Qxd5 13. Nd2 Nc6 14. O-O-O
Qc5 15. Qxc5 bxc5 16. f3 d6 17. Bb5 Re7 18. Nc4 Kf8 19. Ne3 Nd4 20. Bc4 a5 21.
Rhe1 Bc6 22. h4 f6 23. Bd5 Bxd5 24. Nxd5 Rd7 25. h5 h6 26. Rd3 Rb8 27. g4 Rb3
28. Rxb3 Nxb3+ 29. Kc2 Nd4+ 30. Kc3 Nxf3 31. Rf1 Ne5 32. Ne3 Kf7 33. Kb3 c6 34.
Rd1 Rb7+ 35. Ka4 Rxb2 36. Kxa5 Nd7 37. Nc4 Rb5+ 38. Ka6 Ke7 39. Nxd6 Rb3 40. a4
Rb4 41. a5 Kd8 42. Ka7 Kc7 43. a6 Rd4 44. Ne8+ Kd8 45. Rxd4 cxd4 46. Kb7 Nc5+
47. Kxc6 Nxa6 48. Nxg7 d3 49. Nf5 d2 50. Ne3 Ke7 51. Kb5 Nc7+ 52. Kc4 Ke6 53.
Kd3 Ke5 54. Kxd2 Kxe4 55. Nf5 Kf4 56. Nxh6 Ne6 57. Kd3 Kg5 58. Ng8 1/2-1/2

[Event "Olexuv memorial 2017"]
[Site "?"]
[Date "2017.12.26"]
[Round "1.3"]
[White "Nisztuk, Michal"]
[Black "Borovicka, Bohumil"]
[Result "0-1"]
[WhiteElo "1662"]
[BlackElo "1875"]
[PlyCount "120"]
[EventDate "2017.12.26"]
[SourceDate "2017.12.26"]

1. e4 Nf6 2. Nc3 d5 3. e5 Nfd7 4. d4 Nb6 5. f4 h5 6. Be2 g6 7. Nf3 Bg4 8. O-O
e6 9. Be3 Nc6 10. Bf2 Be7 11. Qe1 Qd7 12. Rd1 O-O-O 13. a3 Rdg8 14. b4 Bxf3 15.
Bxf3 Nc4 16. b5 N6a5 17. a4 Bb4 18. Rb1 Be7 19. Nd1 Kb8 20. Be2 g5 21. fxg5
Bxg5 22. Bh4 Qe7 23. Bf2 f5 24. exf6 Qxf6 25. Qc3 Qg7 26. Bg3 Bd2 27. Qf3 Qxd4+
28. Kh1 h4 29. Bf2 Qg7 30. h3 Ne5 31. Bd4 Nxf3 32. Bxg7 Rxg7 33. Bxf3 Nc4 34.
Rb3 Rd8 35. Bg4 e5 36. Rbf3 Bf4 37. Nc3 Nd2 38. Rxf4 exf4 39. Rxf4 c6 40. Rd4
Nf1 41. Bf3 Rh8 42. a5 Ne3 43. bxc6 bxc6 44. Rb4+ Rb7 45. Rf4 Nxc2 46. Rf6 Nd4
47. Bg4 Rb3 48. Na4 Ra3 49. Bd1 Ra1 50. Rf1 Nb3 51. Nb2 Nxa5 52. Nd3 Nc4 53.
Be2 Rxf1+ 54. Bxf1 a5 55. Nc5 Nb2 56. Ba6 Kc7 57. Nb3 a4 58. Nd4 a3 59. Kg1 a2
60. Nc2 Ra8 0-1

[Event "Olexuv memorial 2017"]
[Site "?"]
[Date "2017.12.26"]
[Round "1.4"]
[White "Marsa, Alexandr"]
[Black "Doskar, Miloslav"]
[Result "1-0"]
[WhiteElo "1904"]
[BlackElo "1637"]
[PlyCount "55"]
[EventDate "2017.12.26"]
[SourceDate "2017.12.26"]

1. d4 d5 2. c4 c6 3. Nc3 Nf6 4. e3 e6 5. Nf3 Nbd7 6. Qc2 Be7 7. Bd3 dxc4 8.
Bxc4 b5 9. Bd3 Bb7 10. a3 a6 11. b4 Rc8 12. e4 h6 13. O-O Qc7 14. Bb2 g5 15. h3
Nh5 16. Ne2 Rg8 17. e5 Nf8 18. Nh2 Ng6 19. Be4 Bf8 20. Bf3 Nhf4 21. Bc1 Nxe2+
22. Qxe2 Rd8 23. Be3 Ne7 24. Rac1 a5 25. Qxb5 axb4 26. Qxb4 Nd5 27. Qb3 Qa5 28.
Qxb7 1-0

[Event "Olexuv memorial 2017"]
[Site "?"]
[Date "2017.12.26"]
[Round "1.5"]
[White "Hala, Pavel"]
[Black "Spodny, Josef"]
[Result "0-1"]
[WhiteElo "1588"]
[BlackElo "1871"]
[PlyCount "61"]
[EventDate "2017.??.??"]

1. c4 e6 2. e3 Nf6 3. a3 d5 4. d4 Be7 5. Nc3 O-O 6. h3 Nbd7 7. Nf3 c6 8. Be2 b6
9. O-O Bb7 10. b4 Bd6 11. c5 Bc7 12. Bb2 Qe7 13. Nd2 e5 14. f4 exf4 15. exf4
Rfe8 16. Nb3 Ne4 17. Nxe4 Qxe4 18. Nc1 Bxf4 19. Qd3 Bxc1 20. Qxe4 Rxe4 21.
Raxc1 Rxe2 22. Bc3 Nf6 23. Rfe1 Rae8 24. Kf1 Ba6 25. Kg1 Rxe1+ 26. Rxe1 Rxe1+
27. Bxe1 Ne4 28. g3 Be2 29. Kg2 Kf8 30. h4 Ke7 31. Kh3 0-1

[Event "Olexuv memorial 2017"]
[Site "?"]
[Date "2017.12.26"]
[Round "1.6"]
[White "Hrdlicka, Vladan"]
[Black "Divis, Jan"]
[Result "1-0"]
[WhiteElo "1834"]
[BlackElo "1554"]
[PlyCount "75"]
[EventDate "2017.??.??"]

1. e4 d5 2. exd5 Qxd5 3. Nc3 Qa5 4. d4 Nf6 5. Nf3 c6 6. Bd2 Bg4 7. Ne4 Qc7 8.
Nxf6+ gxf6 9. Qe2 Nd7 10. Qe4 f5 11. Qd3 O-O-O 12. Ng5 Ne5 13. Qe3 h6 14. Nxf7
Nxf7 15. Qe6+ Qd7 16. Qxf7 Qxd4 17. Qe6+ Rd7 18. Bd3 Qxb2 19. O-O Qf6 20. Qxf6
exf6 21. h3 Rxd3 22. cxd3 Be2 23. Rfe1 Bxd3 24. Re8+ Kd7 25. Ra8 Bg7 26. Rxa7
Kc7 27. Re1 Kb6 28. Ra3 Bf8 29. Rxd3 Bc5 30. Rd7 Ra8 31. Rb1+ Ka6 32. Rdxb7 Re8
33. Bxh6 Re2 34. Be3 Bxe3 35. fxe3 Rxe3 36. R1b6+ Ka5 37. Rb3 Re1+ 38. Kf2 1-0

[Event "Olexuv memorial 2017"]
[Site "?"]
[Date "2017.12.26"]
[Round "1.7"]
[White "Koci, Milos"]
[Black "Wunsch, Radek"]
[Result "0-1"]
[WhiteElo "1308"]
[BlackElo "1815"]
[PlyCount "43"]
[EventDate "2017.??.??"]
[SourceDate "2017.12.26"]

1. d4 Nf6 2. Nf3 d5 3. Bf4 Bf5 4. e3 e6 5. Be2 Bd6 6. O-O Nbd7 7. Nbd2 h6 8. c3
Bxf4 9. exf4 O-O 10. Re1 c5 11. a3 Qc7 12. g3 cxd4 13. Nxd4 Bh7 14. N4f3 Nc5
15. Nd4 Qb6 16. b4 Nce4 17. Nxe4 Nxe4 18. Qc1 Rac8 19. Nf3 Qxf2+ 20. Kh1 Nxc3
21. Qd2 Be4 22. Rf1 0-1

[Event "Olexuv memorial 2017"]
[Site "?"]
[Date "2017.12.26"]
[Round "1.8"]
[White "Micka, Norbert"]
[Black "Broz, Jan"]
[Result "1-0"]
[WhiteElo "1808"]
[BlackElo "1267"]
[PlyCount "33"]
[EventDate "2017.??.??"]

1. Nf3 d5 2. d4 c5 3. c4 e6 4. cxd5 exd5 5. g3 c4 6. Bg2 Nc6 7. O-O Nf6 8. Nc3
Bf5 9. Bg5 h6 10. Bxf6 Qxf6 11. Nxd5 Qd6 12. Nc3 O-O-O 13. Qa4 Nxd4 14. Qxc4+
Qc7 15. Qxc7+ Kxc7 16. Nxd4 Rxd4 17. Nb5+ 1-0

[Event "Olexuv memorial 2017"]
[Site "?"]
[Date "2017.12.26"]
[Round "1.9"]
[White "Brda, Vlastimil"]
[Black "Effenberger, Adam"]
[Result "0-1"]
[WhiteElo "1227"]
[BlackElo "1801"]
[PlyCount "114"]
[EventDate "2017.??.??"]

1. f4 e5 2. fxe5 d6 3. Nf3 g5 4. d4 g4 5. Bg5 Be7 6. Bxe7 Nxe7 7. exd6 Qxd6 8.
Ne5 Nbc6 9. e3 Nxe5 10. dxe5 Qxe5 11. Qd4 Qxd4 12. exd4 Bf5 13. Bb5+ c6 14. Ba4
O-O-O 15. c3 Nd5 16. O-O Bg6 17. Na3 f5 18. Rae1 f4 19. Re5 Rde8 20. c4 Rxe5
21. dxe5 Ne3 22. Rxf4 Re8 23. c5 Rxe5 24. b4 Kd7 25. Kf2 Ke7 26. Nc4 Nxc4 27.
Rxc4 h5 28. Kg3 Re2 29. Bb3 Be4 30. Kh4 Bxg2 31. Kxh5 Bf3 32. Kg6 Rxh2 33. Rf4
Re2 34. Rf7+ Kd8 35. Kg5 Re7 36. Rf8+ Kc7 37. Kf4 Re4+ 38. Kg3 Rxb4 39. Rf7+
Kd8 40. Rg7 a5 41. Be6 b5 42. cxb6 Rxb6 43. Ra7 Rb5 44. Rd7+ Ke8 45. Ra7 Rg5
46. Kf4 g3 47. Bh3 g2 48. Bxg2 Rxg2 49. Kxf3 Rxa2 50. Ke4 a4 51. Ke5 a3 52. Ke6
Kf8 53. Kd6 Ra1 54. Kc5 a2 55. Kxc6 Rc1+ 56. Kb5 a1=Q 57. Rxa1 Rxa1 0-1

[Event "Olexuv memorial 2017"]
[Site "?"]
[Date "2017.12.26"]
[Round "2.1"]
[White "Hajek, Oskar"]
[Black "Hrdlicka, Vladan"]
[Result "1-0"]
[WhiteElo "2110"]
[BlackElo "1834"]
[PlyCount "106"]
[EventDate "2017.??.??"]
[SourceDate "2017.12.26"]

1. b3 c5 2. Bb2 d5 3. Nf3 Nc6 4. e3 Nf6 5. c4 d4 6. exd4 cxd4 7. d3 e5 8. a3 a5
9. Be2 Bc5 10. O-O O-O 11. Nbd2 e4 12. Nxe4 Nxe4 13. dxe4 Re8 14. Qc2 Qe7 15.
Rfe1 Bg4 16. h3 Bh5 17. Rad1 Rad8 18. Qc1 Bxf3 19. Bxf3 Qh4 20. e5 d3 21. Rd2
Qg5 22. Bxc6 bxc6 23. Qd1 Qf5 24. Qg4 Qxg4 25. hxg4 Bd4 26. Bxd4 Rxd4 27. f3 f6
28. e6 Kf8 29. Re3 a4 30. bxa4 Rxc4 31. a5 Ra4 32. Rdxd3 Rxa5 33. Kf2 h5 34.
gxh5 Rxh5 35. Rc3 Rc8 36. g4 Rd5 37. f4 g6 38. Rc1 Rd2+ 39. Kg3 Ke7 40. Rh1 Re8
41. Rh7+ Kd8 42. Ra7 Re7 43. Ra8+ Kc7 44. Rf8 c5 45. Rxf6 Kd6 46. Rxg6 c4 47.
f5 Kd5 48. Rg8 Kd4 49. f6 c3 50. fxe7 Kxe3 51. Rc8 Rd3 52. e8=Q Kd4+ 53. Kf2 c2
1-0

[Event "Olexuv memorial 2017"]
[Site "?"]
[Date "2017.12.26"]
[Round "2.2"]
[White "Borovicka, Bohumil"]
[Black "Hurta, Miroslav"]
[Result "0-1"]
[WhiteElo "1875"]
[BlackElo "1832"]
[PlyCount "80"]
[EventDate "2017.??.??"]
[SourceDate "2017.12.26"]

1. e4 e5 2. Nc3 Nc6 3. Bc4 Nf6 4. d3 d6 5. f4 exf4 6. Bxf4 Be7 7. Nf3 O-O 8.
O-O Nh5 9. Be3 Bg4 10. d4 Nf6 11. Bd3 Nb4 12. Be2 d5 13. e5 Ne4 14. a3 Nxc3 15.
bxc3 Nc6 16. c4 f6 17. cxd5 Qxd5 18. Qd3 fxe5 19. c4 Qd6 20. d5 Rad8 21. Rfd1
Bxf3 22. Bxf3 Nd4 23. Bxd4 exd4 24. Re1 Bf6 25. Re6 Qc5 26. Rb1 c6 27. Rxb7
cxd5 28. Bxd5 Rxd5 29. cxd5 Qc1+ 30. Qf1 Qxa3 31. Qb1 d3 32. d6 d2 33. Ree7
Bd4+ 34. Kh1 Qa6 35. h3 Qf1+ 36. Qxf1 Rxf1+ 37. Kh2 d1=Q 38. d7 Bg1+ 39. Kg3
Qd3+ 40. Kh4 Bf2+ 0-1

[Event "Olexuv memorial 2017"]
[Site "?"]
[Date "2017.12.26"]
[Round "2.3"]
[White "Wunsch, Radek"]
[Black "Marsa, Alexandr"]
[Result "0-1"]
[WhiteElo "1815"]
[BlackElo "1904"]
[PlyCount "48"]
[EventDate "2017.??.??"]
[SourceDate "2017.12.26"]

1. e4 e6 2. d4 d5 3. e5 c5 4. c3 Nc6 5. Nf3 Qb6 6. a3 c4 7. Be2 Bd7 8. O-O Be7
9. Nbd2 Na5 10. Rb1 Rc8 11. Re1 h5 12. h4 Nh6 13. g3 Nf5 14. Qc2 Qd8 15. Nf1
Nb3 16. Bg5 f6 17. exf6 gxf6 18. Bxf6 Bxf6 19. Bxc4 Nbxd4 20. Nxd4 Nxd4 21.
Qg6+ Kf8 22. Bxd5 Be8 23. Qd3 Qxd5 24. cxd4 Bc6 0-1

[Event "Olexuv memorial 2017"]
[Site "?"]
[Date "2017.12.26"]
[Round "2.4"]
[White "Spodny, Josef"]
[Black "Micka, Norbert"]
[Result "1/2-1/2"]
[WhiteElo "1871"]
[BlackElo "1808"]
[PlyCount "27"]
[EventDate "2017.??.??"]
[SourceDate "2017.12.26"]

1. e4 e6 2. d4 d5 3. e5 c5 4. c3 Qb6 5. Nf3 Nc6 6. a3 Nh6 7. b4 cxd4 8. Bxh6
gxh6 9. cxd4 Bd7 10. Be2 Rc8 11. O-O Rg8 12. Nbd2 Rg4 13. h3 Rxd4 14. Nxd4
1/2-1/2

[Event "Olexuv memorial 2017"]
[Site "?"]
[Date "2017.12.26"]
[Round "2.5"]
[White "Effenberger, Adam"]
[Black "Snorek, Milan"]
[Result "1-0"]
[WhiteElo "1801"]
[BlackElo "1999"]
[PlyCount "99"]
[EventDate "2017.??.??"]
[SourceDate "2017.12.26"]

1. e4 c6 2. d4 d5 3. Nc3 dxe4 4. Nxe4 Bf5 5. Ng3 Bg6 6. Bc4 e6 7. N1e2 Bd6 8.
Nf4 Bxf4 9. Bxf4 Nf6 10. O-O O-O 11. c3 Nd5 12. Bd2 Qd6 13. Re1 b5 14. Bb3 Nd7
15. Ne4 Qc7 16. Qf3 h6 17. Qg3 Qxg3 18. hxg3 Rfd8 19. f3 N5f6 20. Nxf6+ Nxf6
21. Rad1 Nd5 22. a3 Rd7 23. Kf2 Rad8 24. Bf4 Nb6 25. Re5 Rb7 26. g4 Kf8 27. Bg3
Nd5 28. f4 Nf6 29. Kf3 h5 30. g5 Nd7 31. Ree1 Bf5 32. Kf2 g6 33. Kf1 Nb6 34.
Bf2 Nc4 35. Bxc4 bxc4 36. Rd2 Ke7 37. Re5 Bd3+ 38. Kg1 Rdb8 39. Ra5 Ke8 40. a4
Rxb2 41. Rxb2 Rxb2 42. Rxa7 Rb1+ 43. Kh2 Rc1 44. Ra8+ Kd7 45. a5 Be4 46. d5
Bxd5 47. Bc5 Ra1 48. a6 Kc7 49. a7 e5 50. fxe5 1-0

[Event "Olexuv memorial 2017"]
[Site "?"]
[Date "2017.12.26"]
[Round "2.6"]
[White "Zikan, Karel"]
[Black "Neduchal, Jiri"]
[Result "0-1"]
[WhiteElo "1715"]
[BlackElo "1772"]
[PlyCount "113"]
[EventDate "2017.??.??"]
[SourceDate "2017.12.26"]

1. Nf3 Nf6 2. c4 g6 3. Nc3 d5 4. Nxd5 Nxd5 5. cxd5 Qxd5 6. g3 Bg7 7. Bg2 O-O 8.
O-O Qb5 9. Rb1 e5 10. d3 Nc6 11. Bd2 Nd4 12. Bc3 Bg4 13. e3 Nxf3+ 14. Bxf3 Bxf3
15. Qxf3 Rad8 16. Rfd1 Rxd3 17. Rxd3 Qxd3 18. Rd1 Qb5 19. Rd5 Qc6 20. Qd1 Re8
21. e4 b6 22. Qd3 a5 23. f3 f6 24. Kg2 Bf8 25. Qd1 Qc4 26. a3 Bd6 27. Qd2 Kg7
28. g4 g5 29. Qe1 h5 30. h3 hxg4 31. hxg4 Rh8 32. Qd2 Qa4 33. Qd1 Qe8 34. Be1
Kg6 35. Bf2 Qe7 36. Bxb6 cxb6 37. Rxd6 Qh7 38. Qg1 Qh3+ 39. Kf2 Qh2+ 40. Qg2
Qf4 41. Ke1 Qc1+ 42. Rd1 Qe3+ 43. Kf1 Qf4 44. Kg1 Rc8 45. Qh3 Qe3+ 46. Kf1 Rc1
47. Rxc1 Qxc1+ 48. Kg2 Qxb2+ 49. Kg3 Qxa3 50. Qh8 Kf7 51. Qh7+ Ke6 52. Qg8+ Kd7
53. Qd5+ Qd6 54. Qb7+ Kd8 55. Qa8+ Kc7 56. Qa7+ Kc6 57. Qa8+ 0-1

[Event "Olexuv memorial 2017"]
[Site "?"]
[Date "2017.12.26"]
[Round "2.7"]
[White "Vavrousek, Petr"]
[Black "Koci, Milos"]
[Result "1-0"]
[WhiteElo "1705"]
[BlackElo "1308"]
[PlyCount "49"]
[EventDate "2017.??.??"]
[SourceDate "2017.12.26"]

1. e4 c5 2. Nf3 d6 3. d4 cxd4 4. Nxd4 a6 5. Bc4 e6 6. Bb3 Nf6 7. Nc3 Nbd7 8.
Bg5 Be7 9. Bxe6 fxe6 10. Nxe6 Qa5 11. Nxg7+ Kf7 12. Nf5 Qe5 13. f4 Qa5 14. O-O
h5 15. Nxd6+ Bxd6 16. Qxd6 Qc5+ 17. Qxc5 Nxc5 18. Rfe1 Be6 19. Rad1 Rad8 20.
Rxd8 Rxd8 21. e5 Rd2 22. f5 Rxc2 23. fxe6+ Kxe6 24. exf6+ Kf7 25. Re7+ 1-0

[Event "Olexuv memorial 2017"]
[Site "?"]
[Date "2017.12.26"]
[Round "2.8"]
[White "Divis, Jan"]
[Black "Nisztuk, Michal"]
[Result "1/2-1/2"]
[WhiteElo "1554"]
[BlackElo "1662"]
[PlyCount "89"]
[EventDate "2017.??.??"]
[SourceDate "2017.12.26"]

1. d4 Nf6 2. Bf4 d5 3. e3 c5 4. c3 Nc6 5. Nf3 e6 6. Nbd2 Bd6 7. Bg3 Bxg3 8.
hxg3 cxd4 9. exd4 a5 10. a4 Bd7 11. Bd3 Qc7 12. O-O O-O 13. Re1 Rfe8 14. Ne5
Re7 15. Ndf3 Rae8 16. Nxd7 Nxd7 17. Qc2 g6 18. Re2 e5 19. dxe5 Ndxe5 20. Nxe5
Rxe5 21. Rae1 f6 22. Rxe5 fxe5 23. Qb3 Qf7 24. Bb5 Rf8 25. Qc2 e4 26. Bxc6 bxc6
27. Qe2 Qb7 28. Qc2 Kg7 29. Rd1 Rb8 30. Rb1 Qb3 31. Qxb3 Rxb3 32. Kf1 Kf6 33.
f3 Kf5 34. Kf2 c5 35. g4+ Ke5 36. g3 g5 37. fxe4 dxe4 38. Ke3 Rb6 39. Rf1 Kd5
40. Rf5+ Kc4 41. Rf8 Re6 42. Rf5 Rg6 43. Rf8 Rb6 44. Rf2 Kb3 45. Kxe4 1/2-1/2

[Event "Olexuv memorial 2017"]
[Site "?"]
[Date "2017.12.26"]
[Round "2.9"]
[White "Doskar, Miloslav"]
[Black "Brda, Vlastimil"]
[Result "1-0"]
[WhiteElo "1637"]
[BlackElo "1227"]
[PlyCount "105"]
[EventDate "2017.??.??"]
[SourceDate "2017.12.26"]

1. d4 c6 2. Nf3 d5 3. Bf4 Bf5 4. Nbd2 Nd7 5. e3 Ngf6 6. Be2 h6 7. c3 Nh5 8. Bg3
Nxg3 9. hxg3 Nf6 10. Rc1 e6 11. Ne5 Ne4 12. Nxe4 Bxe4 13. Bf3 Bh7 14. Bh5 g6
15. Bf3 Qc7 16. Ng4 Qe7 17. e4 h5 18. Ne3 Bh6 19. Qe2 dxe4 20. Bxe4 f5 21. Bc2
Kf7 22. f4 Bg8 23. Bb3 Rd8 24. Kf2 Bg7 25. Rce1 Kf8 26. Nc4 b5 27. Ne5 Bxe5 28.
Qxe5 Rh7 29. Bxe6 Bxe6 30. Qxe6 Rg7 31. Qxc6 Qf7 32. Re5 Kg8 33. Qe6 b4 34.
Qxf7+ Rxf7 35. Rhe1 bxc3 36. Re8+ Rxe8 37. Rxe8+ Kg7 38. bxc3 Rc7 39. Re3 a5
40. d5 Rb7 41. c4 Rb2+ 42. Re2 Rb4 43. Rc2 a4 44. d6 a3 45. Rd2 Rb2 46. Ke3 Kf7
47. d7 Rxd2 48. Kxd2 Ke7 49. d8=Q+ Kxd8 50. Kc3 Kd7 51. Kb3 Kc6 52. Kxa3 Kc5
53. Kb3 1-0

[Event "Olexuv memorial 2017"]
[Site "?"]
[Date "2017.12.26"]
[Round "2.10"]
[White "Broz, Jan"]
[Black "Hala, Pavel"]
[Result "0-1"]
[WhiteElo "1267"]
[BlackElo "1588"]
[PlyCount "78"]
[EventDate "2017.??.??"]

1. e4 d6 2. d4 e6 3. Nf3 h6 4. Nc3 Ne7 5. d5 e5 6. Bb5+ Nd7 7. O-O a6 8. Bxd7+
Bxd7 9. Nd2 Ng6 10. Nb3 b6 11. f4 exf4 12. Bxf4 Be7 13. Qf3 Bf6 14. Bg3 O-O 15.
Rae1 Qe7 16. Nd2 b5 17. a3 Be5 18. Bxe5 Nxe5 19. Qg3 f6 20. Nf3 Nxf3+ 21. Rxf3
Qe5 22. Qxe5 dxe5 23. Rd3 Rad8 24. d6 c6 25. b4 Be6 26. Red1 Rd7 27. a4 Rc8 28.
a5 Bf7 29. Kf2 g5 30. g3 Bg6 31. Ke3 Kf7 32. h3 Ke6 33. Ne2 f5 34. h4 f4+ 35.
gxf4 gxf4+ 36. Kf3 c5 37. Rc3 c4 38. Nxf4+ exf4 39. Kxf4 Rf8+ 0-1

[Event "Olexuv memorial 2017"]
[Site "?"]
[Date "2017.12.27"]
[Round "3.2"]
[White "Marsa, Alexandr"]
[Black "Effenberger, Adam"]
[Result "1/2-1/2"]
[WhiteElo "1904"]
[BlackElo "1801"]
[PlyCount "57"]
[EventDate "2017.??.??"]
[SourceDate "2017.12.27"]

1. d4 g6 2. c4 Bg7 3. Nc3 c5 4. d5 d6 5. e4 e6 6. dxe6 Bxc3+ 7. bxc3 fxe6 8.
Bf4 e5 9. Be3 Nf6 10. Bd3 O-O 11. h3 Nc6 12. Nf3 Be6 13. Ng5 Qd7 14. Qa4 Nb4
15. Qxd7 Nxd3+ 16. Kd2 Bxd7 17. Kxd3 Bc6 18. f3 Bd7 19. h4 b6 20. Nh3 Bxh3 21.
Rxh3 Nh5 22. Rhh1 Nf4+ 23. Bxf4 Rxf4 24. Ke3 Kf7 25. a4 Ke6 26. a5 bxa5 27.
Rxa5 a6 28. h5 Rf7 29. hxg6 1/2-1/2

[Event "Olexuv memorial 2017"]
[Site "?"]
[Date "2017.12.27"]
[Round "3.3"]
[White "Hrdlicka, Vladan"]
[Black "Spodny, Josef"]
[Result "1/2-1/2"]
[WhiteElo "1834"]
[BlackElo "1871"]
[PlyCount "37"]
[EventDate "2017.??.??"]

1. e4 c5 2. Nf3 Nc6 3. Bb5 g6 4. O-O Bg7 5. c3 Nf6 6. Qe2 O-O 7. d4 cxd4 8.
cxd4 d5 9. e5 Ne8 10. Bg5 Nc7 11. Bxc6 bxc6 12. Rc1 Ne6 13. Be3 Bd7 14. Nbd2
Qb6 15. Nb3 Rab8 16. Ng5 a5 17. Rc2 a4 18. Nxe6 Bxe6 19. Nc1 1/2-1/2

[Event "Olexuv memorial 2017"]
[Site "?"]
[Date "2017.12.27"]
[Round "3.4"]
[White "Micka, Norbert"]
[Black "Borovicka, Bohumil"]
[Result "1/2-1/2"]
[WhiteElo "1808"]
[BlackElo "1875"]
[PlyCount "47"]
[EventDate "2017.??.??"]
[SourceDate "2017.12.27"]

1. Nf3 d6 2. d4 Bg4 3. c4 Bxf3 4. exf3 Nd7 5. Nc3 Ngf6 6. Be2 e6 7. d5 exd5 8.
cxd5 Be7 9. O-O O-O 10. Be3 c5 11. a4 a6 12. a5 b5 13. axb6 Qxb6 14. Na4 Qb7
15. Bc4 Nb6 16. Nxb6 Qxb6 17. b3 Nd7 18. f4 Bf6 19. Ra2 Ra7 20. Qd3 a5 21. Bd2
Rfa8 22. Qc2 Qb7 23. Re1 Nf8 24. g3 1/2-1/2

[Event "Olexuv memorial 2017"]
[Site "?"]
[Date "2017.12.27"]
[Round "3.5"]
[White "Hala, Pavel"]
[Black "Wunsch, Radek"]
[Result "0-1"]
[WhiteElo "1589"]
[BlackElo "1815"]
[PlyCount "56"]
[EventDate "2017.??.??"]
[SourceDate "2017.12.27"]

1. c4 e5 2. e4 Nc6 3. Nc3 Bc5 4. Nf3 d6 5. h3 f5 6. d3 Nf6 7. a3 O-O 8. Qc2 Nd4
9. Nxd4 exd4 10. Nd1 fxe4 11. dxe4 Nxe4 12. Bd3 Nf6 13. O-O Be6 14. Bg5 h6 15.
Bh4 Qd7 16. Bg3 Nh5 17. Kh2 Nf4 18. Be4 Nh5 19. Kg1 Nxg3 20. fxg3 d3+ 21. Kh2
dxc2 22. Nc3 Rxf1 23. Rxf1 Bxc4 24. Rc1 Bb3 25. Bd5+ Bxd5 26. Nxd5 c6 27. Nf4
Qf5 28. Rf1 g5 0-1

[Event "Olexuv memorial 2017"]
[Site "?"]
[Date "2017.12.27"]
[Round "3.6"]
[White "Naduchal, Jiri"]
[Black "Vavrousek, Petr"]
[Result "1/2-1/2"]
[WhiteElo "1772"]
[BlackElo "1705"]
[PlyCount "65"]
[EventDate "2017.??.??"]
[SourceDate "2017.12.27"]

1. d4 d5 2. Nf3 Nf6 3. e3 e6 4. Bd3 Nbd7 5. O-O c5 6. c3 c4 7. Bc2 Bd6 8. Nbd2
O-O 9. e4 dxe4 10. Nxe4 Nxe4 11. Bxe4 Nf6 12. Bc2 Qc7 13. Qe2 b5 14. Bg5 Bb7
15. Bxf6 gxf6 16. Be4 Bxe4 17. Qxe4 Kh8 18. g3 Rg8 19. Rad1 Rad8 20. Rfe1 f5
21. Qe2 Rg4 22. Ne5 Re4 23. Qh5 Rxe1+ 24. Rxe1 Bxe5 25. Rxe5 a6 26. Qe2 Qd6 27.
a3 Rg8 28. f4 Rc8 29. Qf3 f6 30. Re2 Qd7 31. Re3 Kg7 32. Kf2 Qc6 33. Qxc6
1/2-1/2

[Event "Olexuv memorial 2017"]
[Site "?"]
[Date "2017.12.27"]
[Round "3.7"]
[White "Snorek, Milan"]
[Black "Doskar, Miloslav"]
[Result "1-0"]
[WhiteElo "1999"]
[BlackElo "1637"]
[PlyCount "55"]
[EventDate "2017.12.27"]
[SourceDate "2017.12.27"]

1. d4 d5 2. c4 c6 3. Nc3 Nf6 4. Nf3 Nbd7 5. cxd5 cxd5 6. Bf4 e6 7. e3 Bb4 8.
Bd3 O-O 9. O-O Bxc3 10. bxc3 h6 11. h3 Qa5 12. Qb3 b6 13. Bd6 b5 14. Bxf8 Kxf8
15. a4 bxa4 16. Rxa4 Qc7 17. Rfa1 a6 18. c4 Nb6 19. Rb4 dxc4 20. Bxc4 Nfd5 21.
Bxd5 Nxd5 22. Rc4 Qd8 23. Ne5 Bd7 24. Nxd7+ Qxd7 25. Rca4 Nc7 26. Qb7 Ke8 27.
Rc1 Kd8 28. Rxc7 1-0

[Event "Olexuv memorial 2017"]
[Site "?"]
[Date "2017.12.27"]
[Round "3.8"]
[White "Nisztuk, Michal"]
[Black "Zikan, Karel"]
[Result "1-0"]
[WhiteElo "1662"]
[BlackElo "1715"]
[PlyCount "91"]
[EventDate "2017.??.??"]
[SourceDate "2017.12.27"]

1. e4 c6 2. d4 d5 3. exd5 cxd5 4. Nf3 Nc6 5. c4 Nf6 6. Nc3 Bg4 7. Be3 e6 8.
cxd5 Nxd5 9. Be2 Be7 10. O-O O-O 11. Rc1 Rc8 12. Ne5 Bxe2 13. Qxe2 Nxc3 14.
bxc3 Nxe5 15. dxe5 Qa5 16. Bd4 Bc5 17. Rb1 Bxd4 18. cxd4 b6 19. Rfc1 Qd5 20.
Qa6 Qd7 21. h3 g6 22. a4 Rc7 23. Rxc7 Qxc7 24. Rb4 Rc8 25. Kh2 Qc1 26. d5 exd5
27. Qxa7 Qc3 28. Qxb6 Qxe5+ 29. f4 Qc7 30. a5 Qxb6 31. axb6 Rb8 32. Kg3 f5 33.
Kf3 Kf7 34. Ke3 Ke6 35. Kd4 Kd6 36. b7 Kc6 37. Rb1 Kd6 38. Rb3 Kc6 39. Rb1 Rxb7
40. Rxb7 Kxb7 41. Kxd5 Kb6 42. Ke6 Kc5 43. g4 fxg4 44. hxg4 h5 45. f5 hxg4 46.
fxg6 1-0

[Event "Olexuv memorial 2017"]
[Site "?"]
[Date "2017.12.27"]
[Round "3.10"]
[White "Brda, Vlastimil"]
[Black "Broz, Jan"]
[Result "0-1"]
[WhiteElo "1227"]
[BlackElo "1267"]
[PlyCount "114"]
[EventDate "2017.??.??"]
[SourceDate "2017.12.27"]

1. c4 e6 2. d4 d5 3. Nc3 Nf6 4. Nf3 Nbd7 5. Bg5 Be7 6. Ne5 Nxe5 7. dxe5 Nd7 8.
Bf4 dxc4 9. Qa4 O-O 10. Qxc4 Nb6 11. Qb3 Nd5 12. Nxd5 Qxd5 13. Qxd5 exd5 14. g3
Bf5 15. Bg2 c6 16. O-O Rfe8 17. a3 Bc5 18. e3 h6 19. b4 Bb6 20. h4 Bc7 21. Bf3
Bxe5 22. Ra2 Bxf4 23. exf4 Be4 24. Kg2 Bxf3+ 25. Kxf3 f5 26. Rd1 a6 27. a4 Re4
28. Rb1 Kf7 29. a5 Ke6 30. Rd2 h5 31. Kg2 Kd7 32. f3 Re3 33. Kf2 Rae8 34. Rbb2
Kd6 35. g4 fxg4 36. fxg4 hxg4 37. Kg2 R8e4 38. Rf2 Ke6 39. Rb1 Kf5 40. b5 cxb5
41. Kf1 Rxf4 42. Rxf4+ Kxf4 43. Rb4+ Re4 44. Rb2 g3 45. Kg2 Kg4 46. Rb1 Kxh4
47. Rh1+ Kg4 48. Rh7 Re2+ 49. Kf1 Kf3 50. Rxg7 g2+ 51. Kg1 Re1+ 52. Kh2 g1=Q+
53. Rxg1 Rxg1 54. Kxg1 b4 55. Kf1 b3 56. Ke1 b2 57. Kd1 b1=Q+ 0-1

[Event "Olexuv memorial 2017"]
[Site "?"]
[Date "2017.12.28"]
[Round "3.1"]
[White "Hurta, Miroslav"]
[Black "Hajek, Oskar"]
[Result "0-1"]
[WhiteElo "1832"]
[BlackElo "2110"]
[PlyCount "88"]
[EventDate "2017.??.??"]
[SourceDate "2017.12.28"]

1. e4 c5 2. c3 d6 3. d4 Nf6 4. dxc5 Nc6 5. Be3 Nxe4 6. cxd6 Nxd6 7. Nf3 g6 8.
Be2 Bg7 9. O-O O-O 10. Na3 Nf5 11. Nc2 Nxe3 12. Nxe3 e5 13. Qa4 h6 14. Rfd1 Qb6
15. Bb5 Be6 16. Bxc6 bxc6 17. Rd2 Kh7 18. Rad1 Rac8 19. Nc4 Qc7 20. Rd6 Bd5 21.
b3 Rfe8 22. Qa5 Bf8 23. Qxc7 Rxc7 24. R6xd5 cxd5 25. Rxd5 Bg7 26. Kf1 Ree7 27.
Ke2 Red7 28. Rxd7 Rxd7 29. Ncd2 f5 30. c4 e4 31. Ne1 Bc3 32. Nb1 Bxe1 33. Kxe1
Kg7 34. Nd2 Kf6 35. Kd1 Ke5 36. Kc2 f4 37. c5 e3 38. fxe3 fxe3 39. Nf3+ Ke4 40.
b4 e2 41. c6 Rd8 42. b5 Kd5 43. Kb3 Kc5 44. a4 Rd3+ 0-1